00419nam a2200157Ia 4500008004100000100003600041245004800077245003600125260000700161260001300168260000900181300000700190500003500197650001300232650001600245190406s9999 xx 000 0 und d aVishal P. Baloria & Jonas Heese 4aThe Effects of Media Slant on Firm Behavior cVishal P. Baloria & Jonas Heese bCL belsevier c2018 aCL aJournal of Financial Economics xFox News xMedia Slant